| 000 | 00525nam a2200193Ia 4500 | ||
|---|---|---|---|
| 005 | 20250423094947.0 | ||
| 008 | 250422s9999 xx 000 0 und d | ||
| 020 | _a9780199229086 | ||
| 050 | _aQM 23.2 .C86/ | ||
| 100 | _aCunningham, D. J. | ||
| 245 | 0 | _aCunningham's manual of practical anatomy (Vol. 3): Head, Neck and Brain | |
| 250 | _a15th ed. | ||
| 260 | _aNew York | ||
| 260 | _b Oxford University Press | ||
| 260 | _c1986 | ||
| 300 | _a346 p | ||
| 650 | _a Human anatomy. Dissection. | ||
| 942 | _cBK | ||
| 999 |
_c28818 _d28818 |
||